00625nam a2200181Ia 4500952009600000999001700096008004100113020001500154050002100169100002500190245007300215260005900288300001800347519000900365650002500374650003700399942000700436 00104070a11b11d2010-06-15l0oN6557 P37 1993p11 008645r2012-06-26t1w2012-06-26yLB c72627d72627120626s9999 xx 000 0 und d a9686255849 aN6557 bP37 1993 aParra, Carmeneautor aAcercamiento al misterio. bLa Catedral de México c/ Carmen Parra aMéxico b: Secretaría de desarrollo socialc, 2006 a239 páginas a d  0aCATEDRAL DE MÉXICO 0aARTE BARROCOzCIUDAD DE MÉXICO cLB